LEADER 01124nam a2200241 i 4500 001 000000049042 003 CaOOAMICUS 005 20230927110309.0 008 060712s1983 it u000 u ita u 040 $aSeMil$bita 100 1 $aVignando, Adriano.$0(OLS)http://semarc/name/24291 245 10$aForma e spirito :$bcon riferimento all'abbazia di s. Pietro sopra Civate /$c[Adriano Vignando]. 260 $a[S.l. :$bs.n.],$c1983. 300 $a119 c. :$bill. ;$c21 cm. 500 $aContiene : Bibliografia. - In testa al front : Accademia di Belle Arti di Brera, tesi di storia dell'arte. 650 4$aCivate - Abbazia di San Pietro al Monte.$0(OLS)http://semarc/subject/8009 650 4$aTesi di laurea.$0(OLS)http://semarc/subject/1690 850 $aSeMil 852 $aSeMil$W1$xVenegono$y1$m5K I 49$j242523$B15197$CSeMilBibl$Z2$F15197 $81 961 $aOmaggio: Rimoldi mons. Antonio 996 $6245$aForma e spirito :$bcon riferimento all'abbazia di s. Pietro sopra Civate$9(OLS)http://semarc/title/74407 996 $6260$a[S.l. :$bs.n.]$9(OLS)http://semarc/publisher/29751 LEADER 01293nam a2200313 i 4500 001 000000023964 003 CaOOAMICUS 005 20180830125446.0 008 180830s1975 it u000 u ita u 040 $aSeMil$bita 100 1 $aValtorta, Maria,$d<1897-1961>.$0(OLS)http://semarc/name/5463 245 13$aIl poema dell'Uomo-Dio /$cscritti di Maria Valtorta. 260 $aIsola del Liri :$bPisani,$c1975. 300 $a10 v. ;$c22 cm. 650 4$aValtorta, Maria <1897-1961> - Opere.$0(OLS)http://semarc/subject/2670 774 0 $tSecondo anno di vita pubblica.$g3-4$w()23965 774 0 $tTerzo anno di vita pubblica.$g5-6-7$w()23966 774 0 $tPreparazione.$gVolume1$w()194414 774 0 $tPrimo anno di vita pubblica.$gVolume2$w()194415 774 0 $tParte prima.$gVolume3$w()194416 774 0 $tParte seconda.$gVolume4$w()194417 774 0 $tParte prima.$gVolume5$w()194418 774 0 $tParte seconda.$gVolume6$w()194419 774 0 $tParte terza.$gVolume7$w()194420 774 0 $tPreparazione alla passione.$gVolume8$w()194421 774 0 $tPassione.$gVolume9$w()194422 774 0 $tGlorificazione.$gVolume10$w()194423 996 $6245$aIl poema dell'Uomo-Dio$9(OLS)http://semarc/title/18176 996 $6260$aIsola del Liri :$bPisani$9(OLS)http://semarc/publisher/36066